| 000 | 00813nas a2200253 4500 | ||
|---|---|---|---|
| 001 | BR2011000189 | ||
| 003 | BR-BrBNA | ||
| 005 | 20231205114357.0 | ||
| 007 | ta | ||
| 008 | 230509b bl.|||p| |||| 00| 00por d | ||
| 040 |
_aBR-BrBNA _bpor _cBiblioteca Nacional de Agricultura |
||
| 041 | _a(Pt) | ||
| 072 | _aE50; E14 | ||
| 100 | 1 | _aRodrigues, A.G. | |
| 100 | 1 | _aDe Simoni, C. | |
| 245 | 1 | _aPlantas medicinais no contexto de políticas públicas | |
| 650 | _aPLANTA MEDICINAL | ||
| 650 | _aPOLÍTICAS PÚBLICAS | ||
| 650 | _aSAÚDE PÚBLICA | ||
| 650 | _aFITOTERAPIA | ||
| 773 | 0 |
_tInforme Agropecuário - Empresa de Pesquisa Agropecuária de Minas Gerais (Brazil) _xISSN 0100-3364 _g(Mar-Apr 2010), v. 31(255) p. 7-12 _wBR2011000189 |
|
| 909 |
_a202311 _bLúcia _c55 _dLúcia Elande |
||
| 942 |
_2AGRIS _n0 _cANA |
||
| 999 |
_c208496 _d208496 |
||